[Event "Fagernes Autumn op"]
[Site "Fagernes"]
[Date "2023.10.12"]
[Round "6"]
[White "Deshpande, Aniruddha"]
[Black "Kvaloy, Aksel Bu"]
[Result "1/2-1/2"]
[WhiteElo "2284"]
[BlackElo "2458"]
[PlyCount "126"]
[EventDate "2023.10.08"]
[EventType "swiss"]
[EventRounds "9"]
[EventCountry "NOR"]
[SourceTitle "Mega2024 Update 01"]
[Source "Chessbase"]
[SourceDate "2023.11.12"]
[SourceVersion "1"]
[SourceVersionDate "2023.11.12"]
[SourceQuality "1"]

1. d4 Nf6 2. c4 e6 3. Nf3 d5 4. Qc2 c6 5. g3 Be7 6. Bg2 0-0 7. 0-0 b6 8. b3 Bb7 9. Nc3 Nbd7 10. Bb2 Qc7 11. Rad1 Rad8 12. Rfe1 Rfe8 13. Qb1 Qb8 14. h4 h6 15. e3 Qa8 16. cxd5 exd5 17. Ne5 Nxe5 18. dxe5 Ng4 19. e6 fxe6 20. Qg6 Nf6 21. Ne2 Qb8 22. Nd4 Bf8 23. Nxc6 Bxc6 24. Bxf6 Rc8 25. e4 dxe4 26. Bxe4 Bxe4 27. Rxe4 Qb7 28. Be5 a6 29. Red4 Qf7 30. Qxf7+ Kxf7 31. Rf4+ Kg6 32. Rd7 Re7 33. Rd6 Rc5 34. Bd4 Rf5 35. Rxf5 Kxf5 36. Rxb6 Rd7 37. Be3 a5 38. Rb5+ Rd5 39. Rxd5+ exd5 40. Kf1 g5 41. hxg5 hxg5 42. Ke2 Bd6 43. Bd2 Bc7 44. b4 axb4 45. Bxb4 Bb6 46. f3 g4 47. f4 Ke4 48. a4 d4 49. a5 d3+ 50. Kd1 Bc7 51. a6 Bb6 52. Ba5 Ba7 53. Bd8 Kf5 54. Bg5 Ke4 55. Bh6 Bb6 56. f5 Kxf5 57. Kd2 Ke4 58. Bf4 Ba7 59. Bh6 Bb6 60. Bg5 Bc5 61. Bf4 Ba7 62. Kc3 Bd4+ 63. Kd2 Ba7 1/2-1/2

[Event "Monteolivete op 3rd"]
[Site "Alboraia"]
[Date "2023.07.18"]
[Round "3"]
[White "Deshpande, Aniruddha"]
[Black "Atienza Alvarez, Javier"]
[Result "0-1"]
[WhiteElo "2281"]
[BlackElo "2039"]
[PlyCount "116"]
[EventDate "2023.07.17"]
[EventType "swiss"]
[EventRounds "9"]
[EventCountry "ESP"]
[SourceTitle "CBM 215 Extra"]
[Source "ChessBase"]
[SourceDate "2023.09.30"]
[SourceVersion "1"]
[SourceVersionDate "2023.09.30"]
[SourceQuality "1"]

1. c4 e6 2. g3 Nf6 3. Bg2 d5 4. Nf3 d4 5. 0-0 c5 6. e3 Nc6 7. exd4 cxd4 8. d3 Bc5 9. Re1 0-0 10. a3 a5 11. Bg5 h6 12. Bxf6 Qxf6 13. Nbd2 Qd8 14. Ne5 Nxe5 15. Rxe5 Qc7 16. Qh5 Be7 17. Rb5 Ra7 18. Qf3 Bd7 19. Rh5 g6 20. Rxh6 Kg7 21. Rh3 e5 22. Qe2 Bxh3 23. Bxh3 a4 24. Re1 Ra5 25. Bg2 Bd6 26. Bd5 b5 27. Ne4 bxc4 28. Bxc4 Be7 29. h4 f5 30. Nd2 Rb8 31. Nf3 Bf6 32. h5 Rh8 33. g4 fxg4 34. Qe4 Rxh5 35. Nh2 Qd7 36. Nxg4 Rf5 37. f3 Rf4 38. Qe2 Qc6 39. Rf1 Rc5 40. Qh2 Bg5 41. Qh3 Rf8 42. Kg2 Rh8 43. Qg3 Bh4 44. Qh2 Bf2 45. Qxh8+ Kxh8 46. Nxf2 Rxc4 47. dxc4 Qxc4 48. Ne4 Kg7 49. Rf2 Qc1 50. Rd2 g5 51. Re2 g4 52. fxg4 Qb1 53. Nf2 Kf6 54. Kf3 Ke6 55. Rd2 Kd5 56. Re2 Qg1 57. Nh3 e4+ 58. Rxe4 Qh1+ 0-1

[Event "Rochefort op 21st"]
[Site "Rochefort"]
[Date "2023.02.16"]
[Round "8"]
[White "Deshpande, Aniruddha"]
[Black "Ghosh, Diptayan"]
[Result "0-1"]
[WhiteElo "2204"]
[BlackElo "2553"]
[PlyCount "94"]
[EventDate "2023.02.11"]
[EventType "swiss"]
[EventRounds "9"]
[EventCountry "FRA"]
[SourceTitle "CBM 212 Extra"]
[Source "ChessBase"]
[SourceDate "2023.03.31"]
[SourceVersion "1"]
[SourceVersionDate "2023.03.31"]
[SourceQuality "1"]

1. d4 d5 2. c4 c6 3. Nf3 Nf6 4. Qb3 dxc4 5. Qxc4 Bf5 6. g3 e6 7. Bg2 Be7 8. 0-0 0-0 9. e3 Nbd7 10. Qe2 Qc7 11. Nc3 e5 12. e4 Bg4 13. Be3 exd4 14. Bxd4 Rfe8 15. Qc2 Bc5 16. Bxc5 Nxc5 17. Nh4 Rad8 18. h3 Be6 19. Rad1 a5 20. Rxd8 Rxd8 21. Rd1 Rxd1+ 22. Qxd1 Qd7 23. Qxd7 Nfxd7 24. b3 Ne5 25. f4 g5 26. fxg5 b5 27. Nf3 b4 28. Ne2 Nxf3+ 29. Bxf3 a4 30. Nd4 axb3 31. axb3 Nxb3 32. Nxc6 Nd2 33. Bd1 b3 34. Nd4 b2 35. Bc2 Bxh3 36. Kf2 b1Q 37. Bxb1 Nxb1 38. Ke3 Nc3 39. Nf5 Kf8 40. Kf4 Bg2 41. e5 Nd5+ 42. Kg4 Be4 43. Nd4 Nc7 44. Ne2 Ne6 45. Nf4 Ke7 46. Nh5 Bg6 47. Nf6 Nc5 0-1

[Event "Rochefort op 21st"]
[Site "Rochefort"]
[Date "2023.02.12"]
[Round "2"]
[White "Deshpande, Aniruddha"]
[Black "Ghazarian, Kirk Vagho"]
[Result "0-1"]
[WhiteElo "2204"]
[BlackElo "2471"]
[PlyCount "92"]
[EventDate "2023.02.11"]
[EventType "swiss"]
[EventRounds "9"]
[EventCountry "FRA"]
[SourceTitle "CBM 212 Extra"]
[Source "ChessBase"]
[SourceDate "2023.03.31"]
[SourceVersion "1"]
[SourceVersionDate "2023.03.31"]
[SourceQuality "1"]

1. d4 d5 2. c4 c6 3. Nf3 Nf6 4. Qb3 e6 5. g3 Be7 6. Bg2 0-0 7. 0-0 Nbd7 8. Rd1 a5 9. Nc3 a4 10. Nxa4 dxc4 11. Qc2 Nd5 12. Nc3 b5 13. Bf4 Bb7 14. Ne4 Nxf4 15. gxf4 Qc7 16. Ne5 Nxe5 17. dxe5 Rfd8 18. a3 c5 19. Rxd8+ Rxd8 20. a4 Qa5 21. Nf6+ gxf6 22. Bxb7 bxa4 23. Kh1 f5 24. Qc3 Qxc3 25. bxc3 Rd2 26. Rxa4 Rxe2 27. f3 Bh4 28. Bc6 Bf2 29. Ra7 Kf8 30. Ra8+ Kg7 31. Ra7 Be3 32. Be8 Bxf4 33. Bxf7 Bxe5 34. Bxe6+ Kf6 35. Bxc4 Rxh2+ 36. Kg1 Rh4 37. Bg8 h5 38. c4 Rd4 39. Bd5 h4 40. Rf7+ Kg6 41. Re7 Bf4 42. Re1 h3 43. Kh1 Rd2 44. Rg1+ Kf6 45. Rg8 h2 46. Rf8+ Ke7 0-1

[Event "Mumbai Wealth op 5th"]
[Site "Mumbai"]
[Date "2020.01.04"]
[Round "6"]
[White "Chitlange, Sakshi"]
[Black "Deshpande, Aniruddha"]
[Result "1/2-1/2"]
[WhiteElo "2163"]
[BlackElo "2275"]
[PlyCount "112"]
[EventDate "2019.12.30"]
[EventType "swiss"]
[EventRounds "9"]
[EventCountry "IND"]
[SourceTitle "CBM 194 Extra"]
[Source "ChessBase"]
[SourceDate "2020.03.31"]
[SourceVersion "1"]
[SourceVersionDate "2020.03.31"]
[SourceQuality "1"]

1. d4 Nf6 2. c4 g6 3. Nc3 Bg7 4. e4 d6 5. Be2 0-0 6. Bg5 Na6 7. Nf3 e5 8. 0-0 h6 9. Be3 Bg4 10. Re1 Re8 11. d5 Nc5 12. Nd2 Bxe2 13. Qxe2 a5 14. b3 Nh5 15. g3 Qd7 16. a3 Nf4 17. Qf3 Nh3+ 18. Kg2 Ng5 19. Bxg5 hxg5 20. b4 g4 21. Qe3 Na4 22. Nb3 axb4 23. axb4 f5 24. Nxa4 Rxa4 25. Rxa4 Qxa4 26. Qc3 Rf8 27. b5 Qa7 28. Ra1 Qb8 29. f3 Qd8 30. fxg4 fxg4 31. Rf1 Rxf1 32. Kxf1 b6 33. Qe3 Qa8 34. Qe2 Qa4 35. Qc2 Bh6 36. Ke2 Qb4 37. Qd3 Qa4 38. Qc2 Qa3 39. Kd3 Bg5 40. Ke2 Kg7 41. Kd3 Bh6 42. Ke2 Qb4 43. Qd3 Qa4 44. Qc2 Qa3 45. Kf2 Qa8 46. Qe2 Kh7 47. Kg2 Qa4 48. Qc2 Be3 49. Kf1 Qa3 50. Ke2 Bg5 51. Kd3 Kg7 52. Ke2 Bh6 53. Kd3 Qb4 54. Ke2 Bg5 55. Qd3 Qa3 56. Qc2 Qb4 1/2-1/2

[Event "Abu Dhabi op 26th"]
[Site "Abu Dhabi"]
[Date "2019.08.09"]
[Round "8"]
[White "Viani, Antonio Dcunha"]
[Black "Deshpande, Aniruddha"]
[Result "1/2-1/2"]
[WhiteElo "2371"]
[BlackElo "2234"]
[PlyCount "172"]
[EventDate "2019.08.02"]
[EventType "swiss"]
[EventRounds "9"]
[EventCountry "UAE"]
[SourceTitle "CBM 191 Extra"]
[Source "ChessBase"]
[SourceDate "2019.09.30"]
[SourceVersion "1"]
[SourceVersionDate "2019.09.30"]
[SourceQuality "1"]

1. e4 c6 2. d4 d5 3. Nd2 dxe4 4. Nxe4 Bf5 5. Ng3 Bg6 6. h4 h6 7. Nf3 Nd7 8. h5 Bh7 9. Bd3 Bxd3 10. Qxd3 e6 11. Bd2 a5 12. 0-0-0 Bb4 13. c3 Be7 14. Ne4 Ngf6 15. Kb1 Nxe4 16. Qxe4 Nf6 17. Qe2 Qd5 18. Ne5 Qe4+ 19. Qxe4 Nxe4 20. Be3 0-0 21. g4 Rfd8 22. f3 Nf6 23. f4 Bd6 24. Rdg1 Nd5 25. Bc1 Kf8 26. g5 Ne7 27. gxh6 gxh6 28. f5 Nxf5 29. Ng4 Ke7 30. Nxh6 Rh8 31. Nxf5+ exf5 32. Rg5 Kf6 33. Rf1 f4 34. Bxf4 Bxf4 35. Rg4 Rxh5 36. Rgxf4+ Ke6 37. Rxf7 b5 38. R1f6+ Kd5 39. Rf5+ Rxf5 40. Rxf5+ Kd6 41. a4 Rb8 42. Ka2 Kc7 43. d5 b4 44. c4 cxd5 45. Rxd5 Ra8 46. Kb3 Kb6 47. Rb5+ Kc6 48. Rh5 Ra7 49. Rb5 Ra8 50. Kc2 Ra7 51. Rd5 Kb6 52. Kd3 Kc6 53. Kd4 Rh7 54. Rxa5 Rh4+ 55. Kd3 Rh2 56. Ra6+ Kc5 57. Ra5+ Kc6 58. Rb5 Rxb2 59. Kd4 Rd2+ 60. Ke3 Rb2 61. Kd3 Rb3+ 62. Kd4 Rb1 63. Rc5+ Kd6 64. Rb5 Kc6 65. a5 Rd1+ 66. Ke4 Rb1 67. Kd3 Rb2 68. Kd4 Rd2+ 69. Ke3 Rb2 70. Kd3 Ra2 71. Rh5 Rb2 72. Rh6+ Kc5 73. Rh5+ Kc6 74. Rg5 Ra2 75. Rb5 Rb2 76. Kd4 Rd2+ 77. Ke5 Re2+ 78. Kf6 Ra2 79. Ke5 b3 80. Kd4 b2 81. Kc3 Rxa5 82. Rxb2 Rh5 83. Kb4 Rg5 84. Rh2 Rf5 85. Rh6+ Kc7 86. c5 Rf1 1/2-1/2

[Event "Abu Dhabi op 26th"]
[Site "Abu Dhabi"]
[Date "2019.08.03"]
[Round "3"]
[White "Deshpande, Aniruddha"]
[Black "Aditya, Mittal"]
[Result "1/2-1/2"]
[WhiteElo "2234"]
[BlackElo "2429"]
[PlyCount "78"]
[EventDate "2019.08.02"]
[EventType "swiss"]
[EventRounds "9"]
[EventCountry "UAE"]
[SourceTitle "CBM 191 Extra"]
[Source "ChessBase"]
[SourceDate "2019.09.30"]
[SourceVersion "1"]
[SourceVersionDate "2019.09.30"]
[SourceQuality "1"]

1. d4 d5 2. c4 e6 3. Nf3 a6 4. cxd5 exd5 5. Nc3 Nf6 6. g3 Bd6 7. Bg2 c6 8. 0-0 0-0 9. Bf4 Re8 10. Qb3 Qe7 11. e3 Nbd7 12. Rac1 Nf8 13. Na4 Rb8 14. Nc5 Ng6 15. Bxd6 Qxd6 16. Nd3 Ne4 17. Qb4 Qxb4 18. Nxb4 Bf5 19. Rfd1 f6 20. Nd3 Nf8 21. Nh4 Be6 22. Nc5 Bg4 23. Bf3 Bxf3 24. Nxf3 g5 25. h4 h6 26. hxg5 hxg5 27. Nxe4 Rxe4 28. Kg2 Re7 29. Ne1 Rh7 30. Kf3 Ne6 31. Nd3 Kf7 32. Nc5 Nxc5 33. Rxc5 f5 34. a4 Rh2 35. Rf1 g4+ 36. Ke2 Ke6 37. b4 Ra8 38. Rb1 Kd6 39. Rc2 b6 1/2-1/2

[Event "Ho Chi Minh City HD Bank op 9th"]
[Site "Ho Chi Minh City"]
[Date "2019.03.12"]
[Round "8"]
[White "Deshpande, Aniruddha"]
[Black "Stefanova, Antoaneta"]
[Result "1/2-1/2"]
[WhiteElo "2194"]
[BlackElo "2493"]
[PlyCount "117"]
[EventDate "2019.03.07"]
[EventType "swiss"]
[EventRounds "9"]
[EventCountry "VIE"]
[SourceTitle "CBM 189 Extra"]
[Source "ChessBase"]
[SourceDate "2019.06.03"]
[SourceVersion "1"]
[SourceVersionDate "2019.06.03"]
[SourceQuality "1"]

1. d4 d5 2. c4 c6 3. Nf3 Nf6 4. Qb3 e6 5. Bg5 Nbd7 6. Nc3 Be7 7. e3 b6 8. cxd5 exd5 9. Be2 0-0 10. 0-0 Re8 11. Rfd1 Bb7 12. Rac1 Bd6 13. a4 Rc8 14. a5 b5 15. Qa2 a6 16. Bd3 h6 17. Bh4 Bb4 18. Bf5 g5 19. Bg3 Bxa5 20. h4 Bxc3 21. bxc3 Ne4 22. Ne5 Nxe5 23. Bxe5 gxh4 24. c4 bxc4 25. Bxe4 dxe4 26. Qb1 Ba8 27. Qxe4 Qg5 28. Qf4 c5 29. Qxg5+ hxg5 30. Rxc4 Bd5 31. Rc3 Rc6 32. Rdc1 c4 33. e4 Bxe4 34. Rxc4 Rxc4 35. Rxc4 Re6 36. f3 Bc6 37. Rc5 Bb5 38. f4 gxf4 39. Bxf4 Re4 40. Rg5+ Kf8 41. Rg4 Ke8 42. Rxh4 Rxd4 43. Bg5 Rd1+ 44. Kf2 f6 45. Be3 Rf1+ 46. Kg3 Kf7 47. Rf4 Re1 48. Bd4 Re6 49. Kf2 Kg6 50. Rxf6+ Rxf6+ 51. Bxf6 Kxf6 52. Ke3 Ke5 53. Kd2 Kd4 54. Kc2 Kc4 55. Kb2 Kb4 56. g4 Bd3 57. g5 Bg6 58. Ka2 Kc3 59. Ka1 1/2-1/2

[Event "Ho Chi Minh City HD Bank op 9th"]
[Site "Ho Chi Minh City"]
[Date "2019.03.11"]
[Round "7"]
[White "Navalgund, Niranjan"]
[Black "Deshpande, Aniruddha"]
[Result "1/2-1/2"]
[WhiteElo "2378"]
[BlackElo "2194"]
[PlyCount "67"]
[EventDate "2019.03.07"]
[EventType "swiss"]
[EventRounds "9"]
[EventCountry "VIE"]
[SourceTitle "CBM 189 Extra"]
[Source "ChessBase"]
[SourceDate "2019.06.03"]
[SourceVersion "1"]
[SourceVersionDate "2019.06.03"]
[SourceQuality "1"]

1. e4 c6 2. d3 d5 3. Nd2 e5 4. Ngf3 Bd6 5. g3 Nf6 6. Bg2 0-0 7. 0-0 Re8 8. h3 a5 9. Re1 dxe4 10. Nxe4 Nxe4 11. dxe4 Na6 12. Be3 Qc7 13. Qd2 Bb4 14. c3 Bc5 15. b4 Rd8 16. Qc2 Bxe3 17. Rxe3 Be6 18. Qb2 f6 19. Bf1 axb4 20. cxb4 Qb6 21. a3 Nc7 22. a4 Bf7 23. a5 Qa7 24. Rc1 Ne6 25. Bc4 Nd4 26. Nd2 Rd7 27. Bxf7+ Rxf7 28. Nc4 Rd8 29. Nb6 Qb8 30. Rf1 Qd6 31. Kg2 Qe6 32. Ra1 Re7 33. Rd3 Ree8 34. Qa2 1/2-1/2

[Event "Ho Chi Minh City HD Bank op 9th"]
[Site "Ho Chi Minh City"]
[Date "2019.03.10"]
[Round "6"]
[White "Deshpande, Aniruddha"]
[Black "Krishna Teja, N."]
[Result "1/2-1/2"]
[WhiteElo "2194"]
[BlackElo "2370"]
[PlyCount "70"]
[EventDate "2019.03.07"]
[EventType "swiss"]
[EventRounds "9"]
[EventCountry "VIE"]
[SourceTitle "CBM 189 Extra"]
[Source "ChessBase"]
[SourceDate "2019.06.03"]
[SourceVersion "1"]
[SourceVersionDate "2019.06.03"]
[SourceQuality "1"]

1. d4 d5 2. c4 c6 3. Nf3 Nf6 4. Qb3 dxc4 5. Qxc4 Bf5 6. g3 e6 7. Bg2 Be7 8. 0-0 Nbd7 9. e3 0-0 10. Qe2 Qc7 11. Nc3 e5 12. e4 Bg4 13. Be3 exd4 14. Bxd4 Bc5 15. Bxc5 Nxc5 16. h3 Bxf3 17. Bxf3 Rfe8 18. Qc4 Qe5 19. Rfe1 b5 20. Qe2 b4 21. Nd1 Ncxe4 22. Ne3 Rad8 23. Ng4 Qf5 24. Rad1 Rxd1 25. Qxd1 Qc8 26. Nxf6+ Nxf6 27. Rxe8+ Nxe8 28. Qa4 c5 29. Qxa7 c4 30. Bb7 Qd7 31. Qa8 Kf8 32. Bc6 Qe6 33. Bxe8 Qxe8 34. Qd5 c3 35. bxc3 Qe1+ 1/2-1/2

[Event "Ho Chi Minh City HD Bank op 9th"]
[Site "Ho Chi Minh City"]
[Date "2019.03.08"]
[Round "3"]
[White "Deshpande, Aniruddha"]
[Black "Dang, Hoang Son"]
[Result "1/2-1/2"]
[WhiteElo "2194"]
[BlackElo "2385"]
[PlyCount "91"]
[EventDate "2019.03.07"]
[EventType "swiss"]
[EventRounds "9"]
[EventCountry "VIE"]
[SourceTitle "CBM 189 Extra"]
[Source "ChessBase"]
[SourceDate "2019.06.03"]
[SourceVersion "1"]
[SourceVersionDate "2019.06.03"]
[SourceQuality "1"]

1. d4 Nf6 2. c4 g6 3. g3 Bg7 4. Bg2 0-0 5. Nc3 d6 6. Nf3 Nbd7 7. 0-0 e5 8. e4 exd4 9. Nxd4 Nc5 10. h3 Re8 11. Re1 a5 12. Ndb5 Bd7 13. Bf4 Bc6 14. Qc2 Nfd7 15. Rad1 Ne5 16. Be3 Bd7 17. b3 Nc6 18. Qd2 b6 19. Nd5 Nxe4 20. Qc2 f5 21. Nbxc7 Nb4 22. Nxb4 Qxc7 23. Nd5 Qb7 24. Nxb6 Rad8 25. Bxe4 fxe4 26. Nxd7 Qxd7 27. Bg5 Rc8 28. h4 d5 29. Rxe4 d4 30. Rxe8+ Rxe8 31. Qd2 Qf5 32. Re1 Rf8 33. Qe2 h6 34. Bd2 Kh7 35. h5 Kh8 36. hxg6 h5 37. Bf4 d3 38. Qe3 Rd8 39. Bh6 d2 40. Bxg7+ Kxg7 41. Rd1 Qc2 42. Qe7+ Kxg6 43. Qe6+ Kg7 44. Qe7+ Kg6 45. Qe6+ Kg7 46. Qe7+ 1/2-1/2

[Event "Goa op 1st"]
[Site "Taleigao"]
[Date "2018.10.14"]
[Round "3"]
[White "Deshpande, Aniruddha"]
[Black "Vardan, Nagpal"]
[Result "1-0"]
[WhiteElo "2213"]
[BlackElo "2433"]
[PlyCount "77"]
[EventDate "2018.10.13"]
[EventType "swiss"]
[EventRounds "10"]
[EventCountry "IND"]
[SourceTitle "CBM 186 Extra"]
[Source "ChessBase"]
[SourceDate "2018.08.24"]
[SourceVersion "1"]
[SourceVersionDate "2018.08.24"]
[SourceQuality "1"]

1. d4 d5 2. c4 c6 3. Nf3 Nf6 4. Qb3 dxc4 5. Qxc4 Bg4 6. Nbd2 Nbd7 7. g3 e6 8. Bg2 Be7 9. 0-0 0-0 10. Nb3 a5 11. Ne5 Bf5 12. Nxd7 Nxd7 13. e4 Bg6 14. Be3 a4 15. Nc5 b5 16. Qe2 Nxc5 17. dxc5 e5 18. Rfd1 Qc7 19. h4 f6 20. Bh3 Rfd8 21. Be6+ Bf7 22. Bxf7+ Kxf7 23. Qh5+ Kg8 24. Qf5 Bf8 25. Qe6+ Kh8 26. Kg2 Qc8 27. Rd3 Qxe6 28. Rxd8 Rb8 29. Rxb8 Kg8 30. Ra8 Kf7 31. Rd1 Be7 32. Rdd8 Qc4 33. Ra7 Qxe4+ 34. Kh2 g5 35. Rdd7 Kg6 36. Rxe7 f5 37. hxg5 Kh5 38. Re6 Kg4 39. Rxh7 1-0

[Event "Gujarat op 1st"]
[Site "Ahmedabad"]
[Date "2018.10.09"]
[Round "7"]
[White "Subhayan, Kundu"]
[Black "Deshpande, Aniruddha"]
[Result "1-0"]
[WhiteElo "2093"]
[BlackElo "2213"]
[PlyCount "187"]
[EventDate "2018.10.05"]
[EventType "swiss"]
[EventRounds "10"]
[EventCountry "IND"]
[SourceTitle "CBM 186 Extra"]
[Source "ChessBase"]
[SourceDate "2018.08.24"]
[SourceVersion "1"]
[SourceVersionDate "2018.08.24"]
[SourceQuality "1"]

1. e4 c5 2. Nf3 d6 3. d4 cxd4 4. Nxd4 Nf6 5. Nc3 Nc6 6. Bg5 Bd7 7. Qd2 Rc8 8. f4 Nxd4 9. Qxd4 Qa5 10. e5 dxe5 11. fxe5 e6 12. exf6 Qxg5 13. Ne4 Qa5+ 14. c3 g6 15. 0-0-0 Bc6 16. Bc4 Bh6+ 17. Kb1 Bxe4+ 18. Qxe4 0-0 19. Bb3 Rfd8 20. Qxb7 Qf5+ 21. Ka1 Qxf6 22. Qxa7 Ra8 23. Qb7 Rdb8 24. Qe4 Qf2 25. Kb1 Bg7 26. Rhf1 Qb6 27. Qc4 Rc8 28. Qf4 Qb7 29. Rf2 Rd8 30. Rfd2 Rxd2 31. Rxd2 h5 32. h3 Ra5 33. Qb4 Rb5 34. Qd6 Re5 35. Qd8+ Kh7 36. Qd3 Re1+ 37. Bd1 Qb6 38. Kc2 Re3 39. Qd7 Qa5 40. Kb1 Qf5+ 41. Bc2 Qf1+ 42. Rd1 Qf2 43. a4 Re2 44. Qd3 Qxg2 45. a5 Re5 46. a6 Ra5 47. Rf1 f5 48. Qc4 Rc5 49. Qd3 Qc6 50. Bd1 Bxc3 51. bxc3 Rxc3 52. Qd2 Qb5+ 53. Ka2 Qxa6+ 54. Kb2 Rd3 55. Qc2 Qb6+ 56. Kc1 Qe3+ 57. Kb1 Qb6+ 58. Kc1 Ra3 59. h4 Ra1+ 60. Kd2 Qd4+ 61. Ke2 Qe5+ 62. Kd2 Ra3 63. Qc4 Qe3+ 64. Kc2 Ra7 65. Rf3 Qe5 66. Rc3 Rd7 67. Bf3 Rd4 68. Qc8 Rxh4 69. Rc7+ Kh6 70. Qf8+ Kg5 71. Qd8+ Kh6 72. Qf8+ Kg5 73. Qd8+ Qf6 74. Qd2+ Rf4 75. Rc4 e5 76. Rc6 Qe7 77. Qg2+ Rg4 78. Bxg4 hxg4 79. Qd5 e4 80. Qg8 e3 81. Qxg6+ Kf4 82. Rc4+ Ke5 83. Qh6 Qa7 84. Qf4+ Kd5 85. Ra4 Qc5+ 86. Kd3 Qb5+ 87. Qc4+ Qxc4+ 88. Rxc4 e2 89. Rc1 f4 90. Kxe2 Ke4 91. Rc4+ Kf5 92. Rc5+ Ke4 93. Kf2 Kd4 94. Rg5 1-0

[Event "Montcada op-A 26th"]
[Site "Montcada"]
[Date "2018.07.01"]
[Round "8"]
[White "Deshpande, Aniruddha"]
[Black "Arjun, Kalyan"]
[Result "1/2-1/2"]
[WhiteElo "2158"]
[BlackElo "2370"]
[PlyCount "109"]
[EventDate "2018.06.25"]
[EventType "swiss"]
[EventRounds "9"]
[EventCountry "ESP"]
[SourceTitle "CBM 185 Extra"]
[Source "ChessBase"]
[SourceDate "2018.07.29"]
[SourceVersion "1"]
[SourceVersionDate "2018.07.29"]
[SourceQuality "1"]

1. d4 d5 2. c4 c6 3. Nf3 Nf6 4. Qb3 e6 5. Nc3 dxc4 6. Qxc4 b5 7. Qb3 a6 8. Bg5 Nbd7 9. g3 Bb7 10. Bg2 c5 11. 0-0 c4 12. Qc2 Be7 13. Rfe1 h6 14. Bxf6 Nxf6 15. e4 0-0 16. Rad1 b4 17. Nb1 Rc8 18. Ne5 Qc7 19. Nd2 c3 20. Ndc4 cxb2 21. Qxb2 Rfd8 22. Rc1 Bf8 23. h3 Ba8 24. Kh2 a5 25. f3 a4 26. Red1 Qa7 27. Bf1 Rb8 28. h4 a3 29. Qf2 b3 30. axb3 Rxb3 31. Ra1 Rdb8 32. Ra2 Rc3 33. Rd3 Rxd3 34. Bxd3 Rd8 35. Nxa3 Bxa3 36. Nc4 Qxd4 37. Qxd4 Rxd4 38. Rxa3 Bc6 39. Ne5 Ba4 40. Kg2 g5 41. hxg5 hxg5 42. g4 Rb4 43. Rc3 Nd7 44. Nxd7 Bxd7 45. Rc5 f6 46. Rc7 Rd4 47. Bc4 Kf8 48. Kf2 Ke8 49. Ke3 Rd1 50. Ra7 Rb1 51. Ra3 Ke7 52. Ra7 Kd6 53. Ra6+ Ke7 54. Ra7 Rb6 55. Kd4 1/2-1/2

[Event "Montcada op-A 26th"]
[Site "Montcada"]
[Date "2018.06.30"]
[Round "7"]
[White "Deshpande, Aniruddha"]
[Black "Raghunandan, Kaumandur Srihari"]
[Result "1/2-1/2"]
[WhiteElo "2158"]
[BlackElo "2409"]
[PlyCount "107"]
[EventDate "2018.06.25"]
[EventType "swiss"]
[EventRounds "9"]
[EventCountry "ESP"]
[SourceTitle "CBM 185 Extra"]
[Source "ChessBase"]
[SourceDate "2018.07.29"]
[SourceVersion "1"]
[SourceVersionDate "2018.07.29"]
[SourceQuality "1"]

1. d4 Nf6 2. c4 d6 3. Nf3 g6 4. g3 Bg7 5. Bg2 0-0 6. Nc3 Nbd7 7. 0-0 e5 8. e4 exd4 9. Nxd4 Re8 10. h3 Nc5 11. Re1 Bd7 12. Bf4 Qc8 13. Kh2 h6 14. Qc2 Nh7 15. Be3 h5 16. f4 c6 17. Bf2 Qc7 18. Nf3 Be6 19. b3 Bd7 20. Nd4 Nf6 21. b4 Ne6 22. Nxe6 Bxe6 23. c5 d5 24. e5 Nd7 25. Ne2 Bf5 26. Qd1 f6 27. Nd4 fxe5 28. Nxf5 gxf5 29. Qxh5 Rf8 30. fxe5 Nxe5 31. Rad1 Rae8 32. Be3 Qf7 33. Qxf7+ Kxf7 34. Bf4 Re6 35. b5 Rfe8 36. Re3 Nc4 37. Rxe6 Rxe6 38. bxc6 bxc6 39. Bf1 Ne3 40. Bxe3 Rxe3 41. Rd3 Rxd3 42. Bxd3 Ke6 43. Kg2 Bd4 44. Ba6 Bxc5 45. Bc8+ Ke5 46. Bd7 d4 47. Bxc6 d3 48. Kf3 Kd4 49. Bd7 Ke5 50. Bb5 d2 51. Ke2 Be3 52. Bd7 Bh6 53. Bc8 a5 54. a4 1/2-1/2

[Event "Montcada op-A 26th"]
[Site "Montcada"]
[Date "2018.06.30"]
[Round "6"]
[White "Kathmale, Sameer"]
[Black "Deshpande, Aniruddha"]
[Result "0-1"]
[WhiteElo "2335"]
[BlackElo "2158"]
[PlyCount "108"]
[EventDate "2018.06.25"]
[EventType "swiss"]
[EventRounds "9"]
[EventCountry "ESP"]
[SourceTitle "CBM 185 Extra"]
[Source "ChessBase"]
[SourceDate "2018.07.29"]
[SourceVersion "1"]
[SourceVersionDate "2018.07.29"]
[SourceQuality "1"]

1. e4 c6 2. c4 d5 3. exd5 cxd5 4. cxd5 Nf6 5. Qa4+ Nbd7 6. Nc3 g6 7. Bc4 Bg7 8. Nf3 0-0 9. d3 a6 10. Qa3 b6 11. 0-0 Bb7 12. Re1 Re8 13. Ng5 b5 14. Bb3 Nb6 15. d6 e6 16. Nge4 h6 17. Bf4 Nbd7 18. Nxf6+ Qxf6 19. Bg3 h5 20. Qb4 Qd4 21. Qxd4 Bxd4 22. Re2 Nc5 23. Ne4 Rad8 24. Bh4 Bxe4 25. dxe4 f6 26. Bg3 g5 27. h4 gxh4 28. Bh2 Nxb3 29. axb3 e5 30. Rxa6 Re6 31. Kf1 Rexd6 32. Ra1 Rc6 33. Ke1 Kf7 34. f4 Kg6 35. Rd2 Rdc8 36. fxe5 fxe5 37. Ke2 Rc1 38. Ra6+ Kg5 39. Re6 R1c6 40. Re7 Kf6 41. Rh7 Kg6 42. Rb7 Rc2 43. Rxb5 Kf6 44. b4 Rxd2+ 45. Kxd2 Rg8 46. Bxe5+ Bxe5 47. Rb6+ Ke7 48. Rb7+ Ke6 49. Rh7 Rxg2+ 50. Ke3 h3 51. Rh6+ Kf7 52. Kf3 Rg3+ 53. Kf2 h2 54. Rxh5 Rg1 0-1